Song Lyrics: Rammstein - Reise, Reise - Statistics

General Stats
  • This quiz has been taken 185 times
  • The average score is 113 of 161
Answer Stats
Word % Correct
Reise,
98%
reise,
98%
See
96%
sie
96%
Seemann,
92%
die
89%
Die
89%
Auf
84%
auf
84%
und
84%
Und
84%
das
83%
leise,
80%
leise
80%
Meer
79%
Meer.
79%
Wellen
78%
Der
77%
ein
77%
den
76%
in
76%
In
76%
seine
75%
Mann,
74%
Mann
74%
Weise.
73%
Weise,
73%
zum
73%
Speer
72%
Speer,
72%
Jeder
71%
andere
70%
Ah,
69%
Fisch
69%
weinen
68%
Blute
67%
eine
65%
dann.
64%
Fische
64%
im
64%
tut's
64%
Fleisch
62%
steckt
61%
wird
59%
Ahoi!
58%
wo
58%
Wo
58%
gefochten,
57%
ihrem
55%
zur
55%
am
54%
geflochten.
53%
Lanz'
52%
ist
51%
wirft
51%
Heer
50%
Horizont.
49%
kein
48%
Seele
48%
wohnt,
46%
sich
45%
leer,
44%
leer.
44%
Licht
44%
Ufer
44%
schwarze
42%
Blutet
41%
stößt
40%
Tiefe
40%
Herzen
39%
sinken,
39%
Bluten
38%
sticht
37%
ertrinken,
35%
muss
35%
Lanze
31%
No matching quizzes found
Score Distribution
Percent of People with Each Score
Percentile by Number Answered
Your Score History
You have not taken this quiz